<?xml version="1.0" encoding="UTF-8"?>
<collection xmlns="http://www.loc.gov/MARC21/slim">
 <record>
  <leader>01182nab a2200205 i 4500</leader>
  <controlfield tag="001">univ65839</controlfield>
  <controlfield tag="005">20230404141912.0</controlfield>
  <controlfield tag="008">230404s2023    hu      o     0||   hun d</controlfield>
  <datafield tag="040" ind1=" " ind2=" ">
   <subfield code="a">SZTE UnivHistória Repozitórium</subfield>
   <subfield code="b">hun</subfield>
  </datafield>
  <datafield tag="041" ind1=" " ind2=" ">
   <subfield code="a">hun</subfield>
  </datafield>
  <datafield tag="100" ind1="1" ind2=" ">
   <subfield code="a">Koós Kata</subfield>
  </datafield>
  <datafield tag="245" ind1="1" ind2="0">
   <subfield code="a">Zöld várostervezés</subfield>
   <subfield code="h">[elektronikus dokumentum] /</subfield>
   <subfield code="c"> Koós Kata</subfield>
  </datafield>
  <datafield tag="260" ind1=" " ind2=" ">
   <subfield code="c">2023-04-04</subfield>
  </datafield>
  <datafield tag="300" ind1=" " ind2=" ">
   <subfield code="a">5</subfield>
  </datafield>
  <datafield tag="490" ind1="0" ind2=" ">
   <subfield code="a">Délmagyarország</subfield>
   <subfield code="v">113 No. 79</subfield>
  </datafield>
  <datafield tag="561" ind1=" " ind2=" ">
   <subfield code="a">Egyetemi hirarchívum</subfield>
  </datafield>
  <datafield tag="695" ind1=" " ind2=" ">
   <subfield code="a">Konferencia, Klímaváltozás, Energiagazdálkodás, Esővíz-gazdálkodás, Zöldfelület-gazdálkodás, Városfejlesztés, Zöld város, Városháza, Magyarországi Éghajlatvédelmi Szövetség, Reflex Környezetvédő Egyesület - Győr, Csemete Természet- és Környezetvédelmi Egyesület - Szeged, Előadás - &quot;A zöld ötven árnyalata&quot;, Gulyás Ágnes - egyetemi adjunktus, Éghajlattani és Tájföldrajzi Tanszék, Földrajzi és Földtudományi Intézet, Természettudományi és Informatikai Kar - TTIK</subfield>
  </datafield>
  <datafield tag="700" ind1="0" ind2="1">
   <subfield code="a">Karnok Csaba</subfield>
  </datafield>
  <datafield tag="856" ind1="4" ind2="0">
   <subfield code="u">http://univ.bibl.u-szeged.hu/65839/1/13376403.pdf</subfield>
   <subfield code="z">Dokumentum-elérés </subfield>
  </datafield>
  <datafield tag="856" ind1="4" ind2="0">
   <subfield code="u">http://univ.bibl.u-szeged.hu/65839/2/imedias3.com.pdf</subfield>
   <subfield code="z">Dokumentum-elérés </subfield>
  </datafield>
 </record>
</collection>
